<?xml version="1.0" encoding="UTF-8"?>
<marc:record xmlns:marc="http://www.loc.gov/MARC21/slim">
   <marc:leader>00000nam a2200000 a 4500</marc:leader>
   <marc:datafield ind1="1" ind2=" " tag="100">
      <marc:subfield code="a">Brost, Hauke</marc:subfield>
      <marc:subfield code="4">aut</marc:subfield>
      <marc:subfield code="e">Verfasser/-in</marc:subfield>
   </marc:datafield>
   <marc:datafield ind1=" " ind2=" " tag="653">
      <marc:subfield code="a">Katze</marc:subfield>
   </marc:datafield>
   <marc:datafield ind1=" " ind2=" " tag="653">
      <marc:subfield code="a">Erlebnisbericht</marc:subfield>
   </marc:datafield>
   <marc:datafield ind1="0" ind2="0" tag="245">
      <marc:subfield code="a">111 Gründe, Katzen zu lieben</marc:subfield>
   </marc:datafield>
   <marc:datafield ind1="0" ind2="0" tag="245">
      <marc:subfield code="b">eine Liebeserklärung an des Menschen eigenwilligsten Freund</marc:subfield>
   </marc:datafield>
   <marc:datafield ind1="0" ind2="0" tag="245">
      <marc:subfield code="c">Hauke Brost</marc:subfield>
   </marc:datafield>
   <marc:datafield ind1=" " ind2="1" tag="264">
      <marc:subfield code="a">München</marc:subfield>
      <marc:subfield code="b">Goldmann</marc:subfield>
      <marc:subfield code="c">2011</marc:subfield>
   </marc:datafield>
   <marc:datafield ind1="1" ind2=" " tag="490">
      <marc:subfield code="a">Goldmann</marc:subfield>
      <marc:subfield code="v">15667</marc:subfield>
   </marc:datafield>
   <marc:datafield ind1=" " ind2=" " tag="250">
      <marc:subfield code="a">Taschenbuchausg., 1. Aufl.</marc:subfield>
   </marc:datafield>
   <marc:datafield ind1="1" ind2=" " tag="520">
      <marc:subfield code="a">Angaben aus der Verlagsmeldung

111 Gründe, Katzen zu lieben : Eine Liebeserklärung an des Menschen eigenwilligsten Freund / von Hauke Brost

In der Nacht sind alle Katzen grau? Keineswegs, weiß Bestsellerautor Hauke Brost, selbst Katzenhalter aus Überzeugung. 111 Gründe, Katzen zu lieben, führt er an – obwohl es sicher noch etliche mehr gibt. Was macht diese Diva unter den Haustieren so liebenswert? Warum ist es fast unmöglich, in Gegenwart einer Katze schlechte Laune zu haben? Und wie ist das eigentlich, wenn man plötzlich mit einer Katze lebt? Mal witzig, mal liebevoll, mal f luchend erzählt Brost herrliche Geschichten aus dem Alltag mit Katzen. Eine wahre Liebeserklärung an den eigenwilligsten Freund des Menschen.

</marc:subfield>
   </marc:datafield>
   <marc:datafield ind1=" " ind2=" " tag="020">
      <marc:subfield code="a">9783442156672</marc:subfield>
      <marc:subfield code="9">9783442156672</marc:subfield>
   </marc:datafield>
   <marc:datafield ind1=" " ind2=" " tag="041">
      <marc:subfield code="a">ger</marc:subfield>
   </marc:datafield>
   <marc:datafield ind1=" " ind2=" " tag="300">
      <marc:subfield code="a">279 S.</marc:subfield>
   </marc:datafield>
</marc:record>
